Using SANs and NAS

Saved in:
Bibliographic Details
Main Author: Preston, W. Curtis
Format: Book
Language:English
Published: Beijing : O'Reilly, c2002
Subjects:
Tags: Add Tag
No Tags, Be the first to tag this record!

MARC

LEADER 00000nam a2200000 i 4500
001 1/72455
008 050301s2002 eng d
020 |a 0-596-00153-3 
035 |l 10076823 
040 |a GR-MY-UA  |b gre  |e aacr 
041 0 |a eng 
082 0 |a 004.5  |2 (21) 
100 1 |a Preston, W. Curtis. 
245 1 0 |a Using SANs and NAS /  |c W. Curtis Preston 
260 |a Beijing :   |b O'Reilly,   |c c2002 
300 |a xiv, 205 σ.;  |b εικ.;  |c 24 εκ. 
500 |a Help for storage administrators 
504 |a Περιλαμβάνει ευρετήριο 
650 0 0 |a Storage area networks (Computer networks) 
650 0 0 |a Computer storage devices. 
852 |a INST  |b CHIOS  |e 20050301  |h 004.5 PRE  |p 005200021815  |q 005200021815  |t BK  |y 0 
901 |a BIBL2-2005-1 
909 |a Χ  |b 113053 
920 |a ΔΙΕΥΡΥΝΣΗ  |b ΕΠΕΑΕΚ-ΤΜΟΔ  |y ΧΙΟΣ  |z 2004-12 
970 |a ΣΠΕΝΤΖΑ  |b ΕΛΕΝΗ  |z 2005/03/01